S improvizací na Němce nechoďte
Podmienky úspešného zvládnutia obchodného rokovania s nemeckým partnerom. Precíznosť a pozitívny postoj. Dôležitosť značky a imidžu. Oddelenie práce od súkromia. Etiketa a obchodné rokovanie.
Salvato in:
| Autore principale: | |
|---|---|
| Natura: | Capitolo di libro |
| Lingua: | ceco |
| Soggetti: | |
| Tags: |
Nessun Tag, puoi essere il primo ad aggiungerne!!
|
MARC
| LEADER | 00000naa$a2200000$$$4500 | ||
|---|---|---|---|
| 001 | 0074751 | ||
| 005 | 20231019093106.1 | ||
| 041 | 0 | |a cze | |
| 044 | |a CZ | ||
| 245 | 1 | 0 | |a S improvizací na Němce nechoďte |c Soňa Gullová |
| 520 | |a Podmienky úspešného zvládnutia obchodného rokovania s nemeckým partnerom. Precíznosť a pozitívny postoj. Dôležitosť značky a imidžu. Oddelenie práce od súkromia. Etiketa a obchodné rokovanie. | ||
| 610 | 2 | 0 | |a spolupráca medzinárodná |
| 610 | 2 | 0 | |a obchod zahraničný |
| 610 | 2 | 0 | |a partneri obchodní |
| 610 | 2 | 0 | |a rokovania obchodné |
| 610 | 2 | 0 | |a kultúra |
| 610 | 2 | 0 | |a národ |
| 610 | 2 | 0 | |a etiketa |
| 610 | 2 | 0 | |a Nemecko |
| 100 | 1 | |a Gullová, Soňa | |